Claudio Capéo & Slimane : Chez toi - Statistiques

Statistiques générales
  • Ce quiz a été pris 15 fois
  • Le résultat moyen est 299 sur 358
Statistiques - réponses
Réponse % Correct
c'est
100%
chez
100%
comme
100%
Comment
100%
différent,
100%
frère ?
100%
frère.
100%
Je
100%
je
100%
la
100%
là,
100%
100%
ma
100%
même
100%
même.
100%
mon
100%
Pas
100%
pas
100%
si
100%
t'aime
100%
t'aime...
100%
toi
100%
à
90%
ai
90%
de
90%
d'en
90%
j'en
90%
l'air.
90%
mes
90%
mieux
90%
quand
90%
t'es
90%
accompagné
80%
banc
80%
chantais
80%
cité.
80%
démons,
80%
et
80%
Et
80%
faire
80%
le
80%
Le
80%
l'été
80%
l'été,
80%
Mais
80%
mais
80%
menuisier
80%
mer.
80%
mère.
80%
métier.
80%
Paris
80%
peines
80%
peines,
80%
petit
80%
que
80%
rêvais
80%
se
80%
sur
80%
venait
80%
beaucoup
70%
c'était
70%
C'était
70%
chambre,
70%
criais
70%
disait
70%
beaucoup
70%
d'la
70%
d'où
70%
"Faut
70%
fermé
70%
fils"
70%
j'avais
70%
là-bas
70%
les
70%
Les
70%
pavés
70%
père.
70%
porte.
70%
savoir
70%
ses
70%
traversais
70%
tu
70%
vie
70%
viens
70%
amis.
60%
dans
60%
diable
60%
effrayants,
60%
emporte.
60%
"Andiamo
50%
boulevards
50%
qu'on
50%
tous
50%
Clichy.
40%
dernier
40%
in
40%
un
40%
cons.
30%
deux,
30%
nous
30%
rendez-vous.
30%
retrouvera
30%
Tout
30%
vrai.
30%
chance,
20%
crierai
20%
dernière
20%
diront
20%
est
20%
ils
20%
machina"
20%
belle ?
10%
ça
10%
coup.
10%
entendait
10%
fatigant
10%
moi
10%
plus
10%
rêves
10%
tenais
10%
séparait,
0%
Aucun quiz correspondant
Distribution des résultats
% des personnes avec chaque résultat
Percentile par nombre de réponses
Votre historique - résultats
Vous n’avez pas pris ce quiz